[Event "Obb. Jugend-EM 2011 U16"]
[Site "Mühldorf am Inn"]
[Date "2011.03.11"]
[Round "1"]
[White "Tafertshofer, Matthias"]
[Black "Karmann, Adrian"]
[Result "1-0"]
[BlackElo "1494"]
[WhiteElo "1908"]

1.d4 Nf6 2.c4 e6 3.Nf3 b6 4.a3 Bb7 5.Nc3 Be7 6.Qc2 c5 7.e3 Qc7 8.Be2 a6 9.O-O Bd6
10.h3 Qc6 11.Rd1 Bc7 12.d5 Qd6 13.e4 e5 14.Nh4 Qf8 15.Nf5 d6 16.f4 Nbd7 17.Qd3 g6
18.Nh4 O-O-O 19.b4 Qg7 20.Nf3 Rde8 21.fxe5 Nxe5 22.Nxe5 Rxe5 23.Bf4 Re7 24.e5 Ne8
25.Bg4+ Kb8 26.exd6 Nxd6 27.Qg3 Rd8 28.Re1 f5 29.Rxe7 Qxe7 30.Re1 Qd7 31.Be2 Nf7
32.Bxc7+ Qxc7 33.Qxc7+ Kxc7 34.bxc5 bxc5 35.Na4 Kd6 36.Bf1 Ne5 37.Nxc5 Kxc5 38.Rxe5
Kd6 39.Re6+ Kd7 40.Be2 Re8 41.Rxe8 Kxe8 42.Kf2 Kd7 43.Ke3 a5 44.Kd4 Ba6 45.g4 fxg4
46.Bxg4+ Kd6 47.c5+ Kc7 48.d6+ Kd8 49.c6 a4 50.c7+ Ke8 51.d7+ Ke7 52.d8=Q+   1-0

[Event "Obb. Jugend-EM 2011 U16"]
[Site "Mühldorf am Inn"]
[Date "2011.03.11"]
[Round "1"]
[White "Rank, Thomas"]
[Black "Boes, Christoph"]
[Result "1/2-1/2"]
[BlackElo "1901"]
[WhiteElo "1387"]

1.e4 c5 2.Nc3 Nc6 3.f4 g6 4.Nf3 Bg7 5.Bc4 e6 6.O-O Nge7 7.d3 d5 8.Bb3 a6 9.a4 b6 10.Qe1
d4 11.Ne2 Bb7 12.Bd2 Qd7 13.Bc4 a5 14.Bb5 Qc7 15.Qf2 O-O-O 16.Bc4 h6 17.Ng3 Qd7 18.Bb5
Qd6 19.b3 f5 20.Rae1 Rhf8 21.Bc1 Kb8 22.Nd2 Qc7 23.Nc4 Ka7 24.Bd2 Ba6 25.Na3 Kb7
26.Qe2 Rfe8 27.Qf3 Qc8 28.Re2 Kb8 29.Rfe1 Bb7 30.Nc4 Qc7 31.Qf2 Rf8 32.exf5 exf5
33.Re6 Bc8 34.R6e2 Rf7 35.Bxc6 Nxc6 36.Re8 Rf8 37.Rxf8 Rxf8 38.Re2 Ka7 39.Na3 Kb8
40.Nb5 Qd8 41.Nf1 Re8 42.Be1 Na7 43.Na3 Bb7 44.Nd2 Re7 45.Nac4 Kc7 46.Nf3 Nc6 47.Qf1
Qe8 48.Kf2 Bf6 49.Bd2 Ba6 50.Qe1 Rxe2+ 51.Qxe2 Qxe2+ 52.Kxe2 Bxc4 53.dxc4 Kd6 54.Kd3
Nd8 55.c3 dxc3 56.Bxc3 Bxc3 57.Kxc3 Ke6 58.h4 Nf7 59.Kd3 Kf6 60.Ke3 g5 61.hxg5+ hxg5
62.fxg5+ Nxg5 63.Nxg5 Kxg5 64.Kf3 Kf6 65.Kf4 Ke6 66.Ke3 Ke5 67.g3 Ke6 68.Kf4 Kf6
69.Ke3 Kg6 70.Kf2 Kg5 71.Kf3 Kg6 72.Ke3   1/2-1/2

[Event "Obb. Jugend-EM 2011 U16"]
[Site "Mühldorf am Inn"]
[Date "2011.03.11"]
[Round "1"]
[White "Hälterlein, Josef"]
[Black "Körber, Aljoscha"]
[Result "1-0"]
[BlackElo "1303"]
[WhiteElo "1781"]

1.e4 e6 2.d4 d5 3.e5 c5 4.c3 Ne7 5.Nf3 Nbc6 6.a3 Bd7 7.b4 cxd4 8.cxd4 a6 9.Bb2 Ng6
10.Nbd2 Be7 11.g3 Rc8 12.Rc1 Bg5 13.Nxg5 Qxg5 14.Nf3 Qd8 15.Bd3 b5 16.O-O f5 17.Rc2
h5 18.Bc1 h4 19.Be2 hxg3 20.hxg3 f4 21.Kg2 O-O 22.Rh1 Qb6 23.Bd3 Be8 24.Ng5 Qxd4
25.Rh8+ Nxh8 26.Bh7#   1-0

[Event "Obb. Jugend-EM 2011 U16"]
[Site "Mühldorf am Inn"]
[Date "2011.03.11"]
[Round "1"]
[White "Dasch, Pascal"]
[Black "Arnoczky, Philipp"]
[Result "0-1"]
[BlackElo "1769"]
[WhiteElo "1301"]

1.e4 e5 2.Nc3 Nf6 3.f4 d6 4.Nf3 Nc6 5.Bb5 a6 6.Bxc6+ bxc6 7.fxe5 dxe5 8.Nxe5 Bc5 9.Nf3
Bg4 10.d3 O-O 11.Bg5 h6 12.Bh4 Re8 13.Qd2 Bxf3 14.Bxf6 Qxf6 15.gxf3 Qxf3 16.Rf1 Qh3
17.Qf4 Qe3+ 18.Qxe3 Bxe3 19.Ke2 Bd4 20.Kd2 Re5 21.Rf5 Rb8 22.b3 Rxf5 23.exf5 Re8
24.Rf1 Bxc3+ 25.Kxc3 Re2 26.h4 f6 27.Rf4 c5 28.Ra4 Re5 29.Rxa6 Rxf5 30.Rc6 g5 31.a4
gxh4 32.a5 Kg7 33.a6 Re5 34.Rxc7+ Kg6 35.a7 Re8 36.Re7 Ra8 37.Re4 Kg5 38.Re1 Rxa7
39.Kd2 h3 40.Rg1+ Kh4 41.Rg6 h5 42.Rxf6 h2 43.Rf1 Rg7 44.Rf4+ Rg4 45.Rf1 Rg1   0-1

[Event "Obb. Jugend-EM 2011 U16"]
[Site "Mühldorf am Inn"]
[Date "2011.03.11"]
[Round "1"]
[White "Baier, Felix"]
[Black "Pils, Markus"]
[Result "0-1"]
[BlackElo "1271"]
[WhiteElo "1745"]

1.e4 d6 2.d4 g6 3.Nc3 Bg7 4.Be3 b6 5.f3 Bb7 6.Qd2 Nd7 7.O-O-O e6 8.Nge2 Qe7 9.Nb5
Qd8 10.Qc3 Rc8 11.Nxa7 Ra8 12.Nb5 Rc8 13.Qb4 Bf8 14.Qb3 c6 15.Nbc3 Ngf6 16.Kb1 h6
17.h3 Bg7 18.f4 Nh7 19.Qc4 Ndf6 20.Qd3 Ra8 21.Qd2 Ra5 22.Ng3 b5 23.Qf2 b4 24.Nce2
Qa8 25.Nc1 Nd7 26.f5 Rf8 27.fxe6 fxe6 28.Qe1 Ra4 29.Bc4 e5 30.Bb3 Ra6 31.dxe5 dxe5
32.Qxb4 Nhf6 33.Rhf1 Qc8 34.Be6 Qc7 35.Bc5 Nxc5 36.Qxc5 Ra5 37.Qc3 Ra8 38.Nb3 Ba6
39.Rf2 Bc8 40.Bxc8 Rxc8 41.Nc5 Rd8 42.Rfd2 Rxd2 43.Qxd2 Qe7 44.Qc3 Rf7 45.Qc4 Bf8
46.Ne6 c5 47.Rd8+ Qxd8 48.Nxd8 Rd7 49.Qe6+ Be7 50.b3 Rxd8 51.Qxe5 Kf7 52.Ne2 Nh5
53.Nf4 Rd1+ 54.Kb2 Bf6 55.Qxf6+ Kxf6 56.Nd5+ Ke6 57.Kc3 Rd4 58.g4 Ng3 59.Nf4+ Kf6
60.Nd5+ Ke5 61.a4 Ne2+ 62.Kb2 Kxe4 63.Nc3+ Nxc3 64.Kxc3 Rb4 65.a5 Kd5 66.Kd3 c4+
67.bxc4+ Rxc4   0-1

[Event "Obb. Jugend-EM 2011 U16"]
[Site "Mühldorf am Inn"]
[Date "2011.03.11"]
[Round "1"]
[White "Holst, Simon"]
[Black "Voggenreiter,Simon"]
[Result "0-1"]
[BlackElo "1702"]
[WhiteElo "1250"]

1.e4 e6 2.Nf3 d5 3.exd5 exd5 4.d4 Bd6 5.Bd3 Nf6 6.O-O O-O 7.Nc3 c6 8.Ne2 Bg4 9.Ne5
c5 10.Nxg4 Nxg4 11.Ng3 Qh4 12.h3 Bxg3 13.fxg3 Qxg3 14.Qxg4 Qxg4 15.hxg4 cxd4 16.Rf4
Nc6 17.Bb5 Nb4 18.Ba4 b5 19.Bb3 a5 20.a4 bxa4 21.Rxa4 Rfc8 22.Rxd4 Nxc2 23.Rd1 Nb4
24.Bf4 Ra6 25.Bxd5 Ra7 26.Be3 Re7 27.Bb6 h6 28.Rxa5 Nxd5 29.Rdxd5 Rc2 30.Ra8+ Kh7
31.g5 Ree2 32.gxh6 Rxg2+ 33.Kf1 Kxh6 34.b4 Rb2 35.b5 Rgc2 36.Be3+ Kg6 37.Rg5+ Kh7
38.Bd4 Rc1#   0-1

[Event "Obb. Jugend-EM 2011 U16"]
[Site "Mühldorf am Inn"]
[Date "2011.03.11"]
[Round "1"]
[White "Müller, Dennis"]
[Black "Holst, Daniel"]
[Result "0-1"]
[BlackElo "1216"]
[WhiteElo "1625"]

1.e4 e6 2.d4 d5 3.Nc3 Bb4 4.e5 c5 5.a3 cxd4 6.axb4 dxc3 7.bxc3 Qc7 8.Qd4 Nc6 9.Bb5
Nge7 10.f4 O-O 11.Qd3 Nf5 12.Nf3 a6 13.Ba4 Bd7 14.g4 Nh6 15.Ng5 g6 16.Qh3 Kg7 17.Nxh7
Kxh7 18.g5 Rh8 19.gxh6 b5 20.Bb3 Ne7 21.Rg1 Nf5 22.Rg4 a5 23.bxa5 Rxa5 24.Rxa5 Qxa5
25.Kd1 Qd8 26.Ke2 Qf8 27.Qd3 Qxh6 28.Rg2 Kg7 29.Bxd5 Qh3 30.Bf3 Nh4 31.Rf2 Nxf3 32.Qxd7
Ng1+ 33.Kd2 Qh4 34.Qa7 Nh3 35.Rf3 Nxf4 36.Qf2 Qxf2+ 37.Rxf2 Nh3 38.Rf1 Ng5 39.Rf2
Ne4+ 40.Ke3 Nxf2 41.Kxf2   0-1

[Event "Obb. Jugend-EM 2011 U16"]
[Site "Mühldorf am Inn"]
[Date "2011.03.12"]
[Round "2"]
[White "Voggenreiter, Simon"]
[Black "Tafertshofer, Matthias"]
[Result "1-0"]
[BlackElo "1908"]
[WhiteElo "1702"]

1.e4 e6 2.d4 d5 3.Nc3 Bb4 4.e5 c5 5.a3 Bxc3+ 6.bxc3 Ne7 7.f4 Qc7 8.Nf3 Nbc6 9.Bd2
Bd7 10.g3 O-O-O 11.Qb1 f6 12.Bh3 Ng6 13.O-O h5 14.Qa2 Na5 15.Rae1 f5 16.Bc1 Rdf8
17.Ng5 cxd4 18.cxd4 Qb6 19.Bb2 Nc4 20.Bc3 h4 21.Rb1 Qc7 22.Bb4 Re8 23.Nf7 hxg3 24.Nxh8
Rxh8 25.Bg2 Rxh2 26.Rb3 Rh4 27.Rxg3 Nxf4 28.Rxg7 Qb6 29.Bc5 Qa5 30.Bb4 Qb6 31.Bc5
Qa5 32.Rg8+ Kc7 33.Bb4 Qb6 34.c3 Ne3 35.Be7 Nxf1 36.Bd8+   1-0

[Event "Obb. Jugend-EM 2011 U16"]
[Site "Mühldorf am Inn"]
[Date "2011.03.12"]
[Round "2"]
[White "Pils, Markus"]
[Black "Hälterlein, Josef"]
[Result "0-1"]
[BlackElo "1781"]
[WhiteElo "1271"]

1.Nf3 d5 2.g3 Nf6 3.Bg2 e6 4.d3 Be7 5.O-O O-O 6.Nbd2 c5 7.c4 Nc6 8.cxd5 Nxd5 9.Re1
Rb8 10.Nf1 e5 11.h4 Be6 12.a3 Qd7 13.Ng5 Bxg5 14.Bxg5 f6 15.Be3 Nd4 16.Bxd4 cxd4
17.Rc1 Rbc8 18.Qd2 b6 19.Rxc8 Rxc8 20.Rc1 Rxc1 21.Qxc1 Qc7 22.Qd1 b5 23.Nd2 Nb6 24.b3
Nd5 25.Bxd5 Bxd5 26.b4 Qc3 27.Nb1 Qc8 28.Kh2 g5 29.hxg5 fxg5 30.Qf1 g4 31.f3 gxf3
32.exf3 Qc2+ 33.Kg1 Ba2 34.f4 Qxb1 35.Qxb1 Bxb1 36.fxe5 Bxd3 37.Kf2 Kf7 38.Ke1 Ke6
39.Kd2 Bc4   0-1

[Event "Obb. Jugend-EM 2011 U16"]
[Site "Mühldorf am Inn"]
[Date "2011.03.12"]
[Round "2"]
[White "Arnoczky, Philipp"]
[Black "Holst, Daniel"]
[Result "0-1"]
[BlackElo "1216"]
[WhiteElo "1769"]

1.d4 Nf6 2.Nf3 g6 3.c4 Bg7 4.Nc3 O-O 5.e4 d6 6.Be2 c5 7.d5 e6 8.O-O exd5 9.cxd5 Re8
10.Bg5 Qb6 11.Qc2 Bg4 12.Nd2 Bxe2 13.Nxe2 Nxd5 14.Nc4 Nb4 15.Nxb6 Nxc2 16.Nxa8 Nxa1
17.Nc7 Rxe4 18.Nc3 Bxc3 19.bxc3 Nc2 20.f3 Re1 21.Rxe1 Nxe1 22.Ne8 Nd7 23.Nxd6 b6
24.Kf1 Nd3 25.Ke2 N3e5 26.Nb5 f6 27.Be3 Nc6 28.Kd3 Kf7 29.Ke4 Ke6 30.Nc7+ Kd6 31.Bf4+
Nde5 32.Bxe5+ fxe5 33.Nb5+ Ke6 34.g4 g5 35.h3 c4 36.a3 h6 37.a4 a5 38.Na3 Ne7 39.Nxc4
Nd5 40.Kd3 Nf4+ 41.Kd2 Nd5 42.Ne3 Nxe3 43.Kxe3 Kd5 44.Kd3 Kc5 45.Ke4 b5 46.axb5 a4
47.b6 Kxb6 48.Kxe5 a3 49.Kf6 a2 50.Kg6 a1=Q 51.Kxh6 Qxc3 52.Kxg5 Qxf3 53.h4 Qd5+
54.Kh6 Qe6+ 55.Kh5 Kc6 56.g5 Kd6 57.g6 Ke7 58.Kg5 Qf6+ 59.Kh5 Qh8+ 60.Kg5 Kf8 61.h5
Kg7 62.Kh4 Qh6   0-1

[Event "Obb. Jugend-EM 2011 U16"]
[Site "Mühldorf am Inn"]
[Date "2011.03.12"]
[Round "2"]
[White "Boes, Christoph"]
[Black "Baier, Felix"]
[Result "1-0"]
[BlackElo "1745"]
[WhiteElo "1901"]

1.e4 c5 2.Nc3 Nc6 3.Nge2 g6 4.d4 cxd4 5.Nxd4 Bg7 6.Be3 Nf6 7.Bc4 O-O 8.Bb3 a6 9.f3
b5 10.Qd2 Bb7 11.g4 Ne5 12.h4 Qc7 13.O-O-O Nc4 14.Bxc4 Qxc4 15.Kb1 d5 16.e5 Nd7 17.Bh6
Nxe5 18.h5 Nxf3 19.Nxf3 d4 20.Bxg7 Kxg7 21.hxg6 fxg6 22.Qh6+ Kf6 23.g5+ Ke6 24.Rhe1+
Kf5 25.Qh3+ Kf4 26.Rxd4+   1-0

[Event "Obb. Jugend-EM 2011 U16"]
[Site "Mühldorf am Inn"]
[Date "2011.03.12"]
[Round "2"]
[White "Müller, Dennis"]
[Black "Rank, Thomas"]
[Result "0-1"]
[BlackElo "1387"]
[WhiteElo "1625"]

1.e4 c5 2.Nf3 e6 3.d4 cxd4 4.Nxd4 a6 5.Nc3 Qc7 6.Bd3 Nf6 7.O-O Be7 8.Be3 b5 9.a3 O-O
10.f4 d6 11.Kh1 Bb7 12.f5 e5 13.Nf3 d5 14.exd5 Nxd5 15.Nxd5 Bxd5 16.Bxb5 Rd8 17.Bd3
e4 18.Ng5 exd3 19.Nxh7 Kxh7 20.Qh5+ Kg8 21.f6 Bxf6 22.Rxf6 gxf6 23.Bh6 Be4 24.Qg4+
Bg6 25.h4 Qe5 26.cxd3 Ra7 27.d4 Qxd4 28.Qg3 Qe5 29.Qf2 Rad7   0-1

[Event "Obb. Jugend-EM 2011 U16"]
[Site "Mühldorf am Inn"]
[Date "2011.03.12"]
[Round "2"]
[White "Karmann, Adrian"]
[Black "Dasch, Pascal"]
[Result "1/2-1/2"]
[BlackElo "1301"]
[WhiteElo "1494"]

1.e4 c6 2.d4 d5 3.Nc3 dxe4 4.Nxe4 Nf6 5.Nxf6+ gxf6 6.Bc4 Bf5 7.Be3 Rg8 8.c3 e6 9.g3
Bd6 10.Bd3 Bg6 11.h4 Qc7 12.h5 Bxd3 13.Qxd3 f5 14.Ne2 Nd7 15.Bf4 O-O-O 16.O-O-O Nf6
17.Qf3 Ne4 18.Rdf1 Qa5 19.Bxd6 Nxd6 20.Kb1 Nc4 21.Rd1 Qb6 22.b3 Rd5 23.Nc1 Rgd8 24.Qe2
Na3+ 25.Kb2 Qa5 26.Qe1 Rb5 27.Qe2 c5   1/2-1/2

[Event "Obb. Jugend-EM 2011 U16"]
[Site "Mühldorf am Inn"]
[Date "2011.03.12"]
[Round "2"]
[White "Körber, Aljoscha"]
[Black "Holst, Simon"]
[Result "0-1"]
[BlackElo "1250"]
[WhiteElo "1303"]

1.e4 e5 2.f4 d6 3.Bc4 Nf6 4.d3 Nc6 5.Nc3 Nd4 6.Be3 Be6 7.fxe5 dxe5 8.Bxe6 Nxe6 9.Nf3
Ng4 10.Bg1 Qf6 11.Nd5 Qh6 12.Qe2 c6 13.Ne3 Nxe3 14.Bxe3 Qf6 15.O-O Bd6 16.Rad1 Qe7
17.Kh1 c5 18.Qe1 b6 19.Qg3 f6 20.Nh4 g6 21.Qh3 Kd7 22.Nf3 h5 23.Qg3 g5 24.h4 Rag8
25.Qf2 Nf4 26.Bxf4 exf4 27.Rg1 g4 28.Nd2 g3 29.Qe2 f5 30.Nf3 Rg4 31.Rge1 Rxh4+ 32.Kg1
Rg4 33.exf5 Qxe2 34.Rxe2 h4 35.Re6 h3 36.gxh3 Rxh3 37.Kg2 Rh5 38.Rg6 Rxg6 39.fxg6
Ke7 40.g7 Kf7 41.g8=Q+ Kxg8 42.Re1 Kf7 43.Re4 Kf6 44.c3 Rd5 45.d4 Kf5 46.Re1 a5 47.a3
c4 48.Re2 Rb5 49.Kh3 a4 50.Kg2 Kg4 51.Re6 Rxb2+ 52.Kg1 Kxf3 53.Re1 Bxa3 54.Rf1+ Rf2
55.Rb1 g2 56.Ra1 Rf1+ 57.Rxf1+ gxf1=Q+ 58.Kxf1 Ke3 59.Kg2 Ke2   0-1

[Event "Obb. Jugend-EM 2011 U16"]
[Site "Mühldorf am Inn"]
[Date "2011.03.12"]
[Round "3"]
[White "Hälterlein, Josef"]
[Black "Voggenreiter, Simon"]
[Result "1-0"]
[BlackElo "1702"]
[WhiteElo "1781"]

1.e4 e6 2.d4 d5 3.e5 c5 4.c3 Nc6 5.Nf3 Qb6 6.a3 Nh6 7.b4 cxd4 8.cxd4 Nf5 9.Bb2 Bd7
10.g4 Nh6 11.h3 Rc8 12.Nc3 f6 13.Bd3 fxe5 14.dxe5 Nf7 15.Qe2 Nxb4 16.axb4 Bxb4 17.O-O
Bxc3 18.Bxc3 Rxc3 19.Rfb1 Rb3 20.Rxb3 Qxb3 21.Rxa7 O-O 22.Ra1 Rb8 23.Rb1 Qa4 24.Qd2
Be8 25.Bc2 Qa3 26.Rb3 Qa1+ 27.Rb1 Qa3 28.Rb3 Qe7 29.Qe3 Rc8 30.Rb2 b5 31.Bd3 b4 32.Rb3
Rb8 33.Qd4 Nd8 34.Rb1 Nc6 35.Qb2 g6 36.Qd2 Kg7 37.Kg2 Na5 38.h4 Nc4 39.Qa2 Bb5 40.Rh1
Qb7 41.h5 Ra8 42.Qb1 Na3 43.Qd1 Bxd3 44.Qxd3 Qb5 45.Qe3 Qe8 46.Nh4 Nc4 47.Qg5 Qf7
48.hxg6 h6 49.Nf5+   1-0

[Event "Obb. Jugend-EM 2011 U16"]
[Site "Mühldorf am Inn"]
[Date "2011.03.12"]
[Round "3"]
[White "Holst, Daniel"]
[Black "Boes, Christoph"]
[Result "0-1"]
[BlackElo "1901"]
[WhiteElo "1216"]

1.e4 c5 2.Nf3 d6 3.Nc3 Nf6 4.Bb5+ Bd7 5.Bxd7+ Qxd7 6.d4 cxd4 7.Nxd4 g6 8.O-O Bg7 9.Qd3
O-O 10.Be3 a6 11.Nf3 Qc7 12.Bd4 Nc6 13.Bxf6 exf6 14.Rfd1 Rad8 15.a4 Ne5 16.Nxe5 fxe5
17.Nd5 Qd7 18.b4 f5 19.Qb3 Kh8 20.exf5 gxf5 21.b5 e4 22.Ra3 f4 23.Qh3 Qf7 24.c4 Qg6
25.Nc7 Rf5 26.Rd5 Rxd5 27.Nxd5 e3 28.Nxe3 fxe3 29.g3 e2 30.Re3 Qb1+ 31.Kg2 Qf1+ 
 0-1

[Event "Obb. Jugend-EM 2011 U16"]
[Site "Mühldorf am Inn"]
[Date "2011.03.12"]
[Round "3"]
[White "Rank, Thomas"]
[Black "Arnoczky, Philipp"]
[Result "0-1"]
[BlackElo "1769"]
[WhiteElo "1387"]

1.e4 e5 2.Nf3 Nf6 3.Nc3 Nc6 4.Be2 d5 5.exd5 Nxd5 6.d4 Bb4 7.dxe5 Nxc3 8.Qxd8+ Nxd8
9.Bd2 Nd5 10.O-O Bxd2 11.Rfd1 Nf4 12.Rxd2 Nxe2+ 13.Rxe2 Bg4 14.Re3 Bxf3 15.Rxf3 Nc6
16.Rd3 O-O 17.Rd7 Rac8 18.f4 Rfd8 19.Rad1 Kf8 20.b4 Rxd7 21.Rxd7 Nxb4   0-1

[Event "Obb. Jugend-EM 2011 U16"]
[Site "Mühldorf am Inn"]
[Date "2011.03.12"]
[Round "3"]
[White "Tafertshofer, Matthias"]
[Black "Pils, Markus"]
[Result "1-0"]
[BlackElo "1271"]
[WhiteElo "1908"]

1.d4 g6 2.c4 Bg7 3.e4 d6 4.Nf3 Bg4 5.Be2 Nf6 6.Nc3 h5 7.h3 Bxf3 8.Bxf3 O-O 9.e5 Nc6
10.exf6 exf6 11.O-O f5 12.Bxc6 bxc6 13.Be3 Qd7 14.Qf3 Kh7 15.Rfe1 Rfe8 16.d5 c5 17.Re2
Rab8 18.Rae1 a6 19.Bg5 Kg8 20.Rxe8+ Rxe8 21.Rxe8+ Qxe8 22.Qe2 Qxe2 23.Nxe2 Bxb2 24.Bd8
Bf6   1-0

[Event "Obb. Jugend-EM 2011 U16"]
[Site "Mühldorf am Inn"]
[Date "2011.03.12"]
[Round "3"]
[White "Holst, Simon"]
[Black "Karmann, Adrian"]
[Result "0-1"]
[BlackElo "1494"]
[WhiteElo "1250"]

1.e4 c5 2.Nf3 d6 3.d4 cxd4 4.Nxd4 Nf6 5.Nc3 g6 6.Bc4 Bg7 7.Be3 Nc6 8.O-O Ng4 9.Nce2
Nxe3 10.fxe3 O-O 11.Ng3 Qb6 12.Nge2 Qxb2 13.Rf3 Bg4 14.Rb1 Qa3 15.Nxc6 bxc6 16.Rg3
Be6 17.Bxe6 fxe6 18.Rb7 Rf7 19.Qb1 Raf8 20.Rf3 Rxf3 21.gxf3 Qxe3+ 22.Kf1 Qxf3+ 23.Ke1
Qxe4 24.Qd1 Bc3+ 25.Qd2 Bxd2+ 26.Kxd2 Rf2 27.Rxe7 Rxe2+ 28.Kc3 Qxc2+ 29.Kb4 Qc5+
30.Kb3 Re4 31.Rb7 Qc4+ 32.Kb2 Re2+ 33.Kb1 Qc2+ 34.Ka1 Qxa2#   0-1

[Event "Obb. Jugend-EM 2011 U16"]
[Site "Mühldorf am Inn"]
[Date "2011.03.12"]
[Round "3"]
[White "Dasch, Pascal"]
[Black "Müller, Dennis"]
[Result "1/2-1/2"]
[BlackElo "1625"]
[WhiteElo "1301"]

1.e4 d6 2.d4 Nf6 3.Nc3 e5 4.dxe5 dxe5 5.Qxd8+ Kxd8 6.Nf3 Nbd7 7.Ng5 Ke7 8.Bc4 Nb6
9.Nxf7 Nxc4 10.Nxh8 g6 11.Bg5 c6 12.h4 Bg7 13.h5 Bxh8 14.hxg6 Ke6 15.O-O-O Bd7 16.Bxf6
Bxf6 17.Rxh7 Nd6 18.Rdh1 Rg8 19.f3 Rxg6 20.Na4 b6 21.g4 Bg5+ 22.Kb1 Rf6 23.R7h3 Bf4
24.Nc3 Nc4 25.Rd1 Nd2+ 26.Ka1 Be3 27.Nb1 Nxf3 28.c3 Bc5 29.b4 Be7 30.Na3 Ng5 31.Re3
Rf4 32.Nc4 Be8 33.Rg1 Rxe4 34.Rxe4 Nxe4 35.Re1 Bg6 36.Kb2 Bf6 37.a4 Nf2 38.Rg1 Bd3
39.Ne3 Bg5 40.Nc2 Bxc2 41.Kxc2 e4 42.c4 Ke5 43.Kc3 e3 44.Re1 Nxg4 45.Kd3 Nf2+ 46.Ke2
Ke4 47.a5 bxa5 48.bxa5 a6 49.Rb1 Bd8 50.Rb6 Bxb6 51.axb6 Nd3 52.b7 Nc1+ 53.Ke1 Kf3
54.b8=Q Nd3+ 55.Kd1 e2+ 56.Kc2 e1=Q 57.Kxd3 Qf1+ 58.Kc3 Qc1+ 59.Kd3 Qa3+ 60.Kc2 Qa4+
61.Kc3 Qa3+ 62.Kc2 Qa4+ 63.Kc3 Ke4 64.Qe8+ Kf5 65.Qf7+ Ke4 66.Qe6+ Kf3 67.Qf5+ Ke2
68.Qd3+ Kf2 69.Qf5+ Ke1 70.Qe4+   1/2-1/2

[Event "Obb. Jugend-EM 2011 U16"]
[Site "Mühldorf am Inn"]
[Date "2011.03.13"]
[Round "3"]
[White "Baier, Felix"]
[Black "Körber, Aljoscha"]
[Result "1-0"]
[BlackElo "1301"]
[WhiteElo "1745"]

1.e4 e6 2.d4 d5 3.e5 c5 4.c3 Nc6 5.Nf3 Nge7 6.a3 a5 7.Bd3 Qb6 8.O-O Bd7 9.Bc2 Ng6
10.Qd3 Nce7 11.Qe3 Bb5 12.dxc5 Qa7 13.Re1 Nc6 14.b4 Rd8 15.Bb2 Be7 16.Nbd2 O-O 17.Nb3
axb4 18.cxb4 Qb8 19.Nfd4 Ba4 20.f4 Rd7 21.Bd3 Bxb3 22.Nxb3 Bd8 23.Bb5 Rc7 24.g4 Rc8
25.Rf1 b6 26.Bxc6 Rxc6 27.f5 exf5 28.gxf5 Ne7 29.f6 Ng6 30.fxg7 Re8 31.Qf3 Re7 32.Qxd5
Qb7 33.Qxd8+   1-0

[Event "Obb. Jugend-EM 2011 U16"]
[Site "Mühldorf am Inn"]
[Date "2011.03.13"]
[Round "4"]
[White "Boes, Christoph"]
[Black "Hälterlein, Josef"]
[Result "1/2-1/2"]
[BlackElo "1781"]
[WhiteElo "1901"]

1.e4 c5 2.Nc3 e6 3.Nge2 Nc6 4.d4 cxd4 5.Nxd4 a6 6.g3 Qc7 7.Bg2 Nf6 8.O-O Be7 9.Re1
d6 10.Nxc6 bxc6 11.e5 dxe5 12.Rxe5 O-O 13.Bf4 Qb7 14.Qf3 Bd7 15.Re2 Rfd8 16.g4 Nd5
17.Nxd5 cxd5 18.g5 Bb5 19.Rd2 Bd6 20.Bxd6 Rxd6 21.Qh5 Be8 22.c4 f6 23.Qg4 f5 24.Qe2
Qd7 25.Rad1 Bf7 26.h4 g6 27.Qe5 Rd8 28.c5 Rc6 29.b4 Qb7 30.Qd4 Rb8 31.Rb2 Qc7 32.f4
Be8 33.Rdb1 Qg7 34.Qd2 Rc7 35.Bf1 Bb5 36.Qe3 Qf7 37.Re1 Rc6 38.Qe5 Re8 39.Rbb1 Qg7
40.Qe3 Qf7 41.Rbd1 Rcc8 42.Rd2 Qb7 43.Rd4 Qc6 44.Qe5 Qc7 45.Qe3 Kf7 46.Rd2 Kg8 47.Rc2
Rb8 48.Qd2 Kf7 49.Rcc1 Kg8 50.a4 Bxa4 51.Bxa6 Bb5 52.Ra1 Kf7 53.Qd4 Kg8 54.Bxb5 Rxb5
55.Ra6 Qg7 56.Qd2 Qd7 57.Rea1 Reb8 58.Ra7 R5b7 59.R7a4 Qc6 60.Qd4 Qd7 61.Qc3 Qc7
62.Qd4 Rb5 63.Ra7 R5b7 64.Rxb7 Qxb7 65.Rb1 Qc6 66.Qe5 Rb7 67.Qd4 Rb8 68.Kf2 Rb7 69.Ke3
Rb8 70.Qe5 Rb7 71.Qd4 Rb8 72.Qd1 Ra8 73.Qd4 Ra3+ 74.Ke2   1/2-1/2

[Event "Obb. Jugend-EM 2011 U16"]
[Site "Mühldorf am Inn"]
[Date "2011.03.13"]
[Round "4"]
[White "Holst, Daniel"]
[Black "Tafertshofer, Matthias"]
[Result "0-1"]
[BlackElo "1908"]
[WhiteElo "1216"]

1.e4 e6 2.Nf3 d5 3.exd5 exd5 4.d4 Bd6 5.Nc3 c6 6.Bd3 Ne7 7.O-O Bg4 8.h3 Bh5 9.Re1
Qc7 10.Be2 Nd7 11.Qd3 Bg6 12.Qd1 O-O-O 13.Nh4 f6 14.Nxg6 Nxg6 15.Bg4 Rdf8 16.Bxd7+
Qxd7 17.Rb1 h5 18.Qd3 Nh4 19.b4 g5 20.b5 g4 21.bxc6 Qxc6 22.Nb5 Bb8 23.Bf4 a6 24.Bxb8
Kxb8 25.Qg3+ Ka8 26.Qxh4 axb5 27.hxg4 hxg4 28.Qxg4 Rfg8 29.Qe6 Qxc2 30.Qxd5 Qh7 31.g3
Rg5 32.Qg2 Rh5 33.Kf1 Rh1+ 34.Ke2 Qc2+ 35.Kf3 Qc6+ 36.Re4 Rxb1   0-1

[Event "Obb. Jugend-EM 2011 U16"]
[Site "Mühldorf am Inn"]
[Date "2011.03.13"]
[Round "4"]
[White "Arnoczky, Philipp"]
[Black "Voggenreiter, Simon"]
[Result "1/2-1/2"]
[BlackElo "1702"]
[WhiteElo "1769"]

1.d4 Nf6 2.c4 e6 3.Nf3 Bb4+ 4.Bd2 Bxd2+ 5.Nbxd2 b6 6.g3 Bb7 7.Bg2 Ne4 8.Ne5 Nc3 9.bxc3
Bxg2 10.Rg1 Bb7 11.e4 O-O 12.Qc2 d6 13.Ng4 Nd7 14.Ne3 Qe7 15.O-O-O Rfc8 16.f4 c6
17.Rgf1 d5 18.Qb2 c5 19.Kb1 dxc4 20.d5 exd5 21.Nxd5 Bxd5 22.exd5 b5 23.Rfe1 Qf6 24.d6
Re8 25.Ne4 Qg6 26.Qc2 h6 27.Nf2 Qxc2+ 28.Kxc2 Kf8 29.Ng4 Rxe1 30.Rxe1 Re8 31.Rb1
a6 32.a4 f5 33.Ne5 Nxe5 34.fxe5 Rxe5 35.axb5 axb5 36.Rxb5 Rd5 37.Rb8+ Kf7 38.Rb7+
Kf6 39.Rc7 g5 40.Rc6 h5 41.h3 f4 42.gxf4 gxf4 43.d7+ Ke7 44.d8=Q+ Rxd8 45.Rxc5 Rf8
46.Kd2   1/2-1/2

[Event "Obb. Jugend-EM 2011 U16"]
[Site "Mühldorf am Inn"]
[Date "2011.03.13"]
[Round "4"]
[White "Karmann, Adrian"]
[Black "Rank, Thomas"]
[Result "1-0"]
[BlackElo "1387"]
[WhiteElo "1494"]

1.e4 c5 2.Nf3 e6 3.d4 cxd4 4.Nxd4 a6 5.Bd3 Qc7 6.O-O Nf6 7.Nc3 b5 8.a3 Bb7 9.Qe2 d6
10.f4 Nbd7 11.Nb3 Be7 12.g4 Nc5 13.Nxc5 dxc5 14.e5 Nd7 15.Be4 O-O-O 16.Bxb7+ Qxb7
17.Qe4 Nb6 18.Qxb7+ Kxb7 19.b3 c4 20.b4 Nd5 21.Nxd5 Rxd5 22.Be3 Bd8 23.Rad1 Bb6 24.Bxb6
Kxb6 25.Rxd5 exd5 26.Kf2 Kc6 27.Ke3 Re8 28.Kd4 a5 29.Re1 axb4 30.axb4 Re7 31.f5 Re8
32.e6 f6 33.e7 Kd7 34.Kxd5 Rxe7 35.Rxe7+ Kxe7 36.Kc5 Kd7 37.Kxb5 Kc7 38.Kxc4 g6 39.Kc5
Kb7 40.b5   1-0

[Event "Obb. Jugend-EM 2011 U16"]
[Site "Mühldorf am Inn"]
[Date "2011.03.13"]
[Round "4"]
[White "Holst, Simon"]
[Black "Baier, Felix"]
[Result "0-1"]
[BlackElo "1745"]
[WhiteElo "1250"]

1.e4 c5 2.Nf3 Nc6 3.d4 cxd4 4.Nxd4 e5 5.Nf3 Nf6 6.Bd3 d5 7.Qe2 Qc7 8.O-O Bg4 9.Nc3
Nd4 10.Qd1 dxe4 11.Nxe4 Be7 12.Nc3 O-O-O 13.Bd2 Qc6 14.Be2 Nxe2+ 15.Qxe2 e4 16.Ne5
Bxe2 17.Nxc6 bxc6 18.Nxe2 Rxd2 19.Ng3 Rxc2 20.b3 g6 21.Rfe1 Rd8   0-1

[Event "Obb. Jugend-EM 2011 U16"]
[Site "Mühldorf am Inn"]
[Date "2011.03.13"]
[Round "4"]
[White "Pils, Markus"]
[Black "Dasch,Pascal"]
[Result "0-1"]
[BlackElo "1301"]
[WhiteElo "1271"]

1.Nf3 d5 2.g3 Nf6 3.Bg2 e6 4.O-O Be7 5.d3 O-O 6.Nbd2 Nc6 7.Re1 a5 8.e4 a4 9.h4 Bc5
10.Nh2 Qd6 11.Kf1 e5 12.exd5 Nxd5 13.Ne4 Qe7 14.Nxc5 Qxc5 15.h5 Be6 16.c3 Rfd8 17.h6
Nf6 18.hxg7 Rxd3 19.Qc2 Bc4 20.Kg1 Nd5 21.Kh1 Nf6 22.Bh6 e4 23.Be3 Qh5 24.Kg1 Ne5
25.Qe2 Rxe3 26.Qxh5 Rxe1+ 27.Rxe1 Nxh5 28.Rxe4 f6 29.Nf3 Bd5 30.Re3 Nxf3+ 31.Bxf3
Bxf3 32.Rxf3 Kf7 33.Rd3 Ke6 34.Rd4 Nxg7 35.Rb4 b6 36.Rg4 a3 37.b3 Nf5 38.Re4+ Kf7
39.Kg2 b5 40.Rb4 c6 41.Rf4 Kg6 42.Rg4+ Kh5 43.Rf4 Kg5 44.c4 Rd8 45.cxb5 cxb5 46.Kf3
Rd4 47.Rxd4 Nxd4+ 48.Ke3 Nc6   0-1

[Event "Obb. Jugend-EM 2011 U16"]
[Site "Mühldorf am Inn"]
[Date "2011.03.13"]
[Round "4"]
[White "Körber, Aljoscha"]
[Black "Müller, Dennis"]
[Result "0-1"]
[BlackElo "1625"]
[WhiteElo "1303"]

1.e4 e5 2.f4 d5 3.exd5 exf4 4.Nf3 Nf6 5.c4 c6 6.d4 Bb4+ 7.Nc3 Ne4 8.Bd2 Qe7 9.Be2
Nxd2 10.Qxd2 cxd5 11.O-O Bxc3 12.bxc3 dxc4 13.Bxc4 Qc7 14.Rae1+ Kd8 15.Ne5 Rf8 16.Qe2
Be6 17.Nxf7+ Bxf7 18.Rxf4 Qd7 19.Bb5 Qc7 20.d5 a6 21.Ba4 b5 22.Bb3 Re8 23.Re4 Rxe4
24.Qxe4 Qc5+ 25.Kh1 Bg6 26.Qf4 Nd7 27.d6 Nf6 28.Qf3 Ra7 29.Rd1 Bh5 30.Qg3 Bxd1 31.Bxd1
Rd7 32.Bg4 Rxd6 33.Qh4 Qxc3 34.h3 Qc1+ 35.Kh2 Qf4+ 36.Qg3 Qxg3+ 37.Kxg3 Rd2 38.Be6
Ke7 39.Bb3 Ne4+ 40.Kh2 Nc5 41.Bg8 h6 42.Bh7   0-1

[Event "Obb. Jugend-EM 2011 U16"]
[Site "Mühldorf am Inn"]
[Date "2011.03.13"]
[Round "5"]
[White "Hälterlein, Josef"]
[Black "Tafertshofer, Matthias"]
[Result "1/2-1/2"]
[BlackElo "1908"]
[WhiteElo "1781"]

1.e4 e6 2.d4 d5 3.e5 c5 4.c3 Nc6 5.Nf3 Qb6 6.a3 Nh6 7.b4 cxd4 8.cxd4 Nf5 9.Bb2 Be7
10.Bd3 a5 11.b5 a4 12.Bxf5 exf5 13.Nc3 Be6 14.O-O Nb8 15.Qd3 Nd7 16.Rfc1 O-O 17.Rab1
Qd8 18.Nd2 Nb6 19.f4 f6 20.Ne2   1/2-1/2

[Event "Obb. Jugend-EM 2011 U16"]
[Site "Mühldorf am Inn"]
[Date "2011.03.13"]
[Round "5"]
[White "Voggenreiter, Simon"]
[Black "Boes, Christoph"]
[Result "1/2-1/2"]
[BlackElo "1901"]
[WhiteElo "1702"]

1.e4 c5 2.Na3 Nc6 3.c3 Nf6 4.Bd3 d5 5.Qe2 dxe4 6.Bxe4 Nxe4 7.Qxe4 g6 8.Nf3 Bg7 9.O-O
O-O 10.Rd1 e5 11.b3 Bf5 12.Qe3 e4 13.Ne1 Qe7 14.Bb2 Rad8   1/2-1/2